The Way of Saint James as an event: politics and nation (Record no. 315634)
[ view plain ]
| 000 -LEADER | |
|---|---|
| fixed length control field | 00425nam a2200145Ia 4500 |
| 008 - FIXED-LENGTH DATA ELEMENTS--GENERAL INFORMATION | |
| fixed length control field | 170224s9999 xx 000 0 und d |
| 100 ## - MAIN ENTRY--PERSONAL NAME | |
| Personal name | Xosé M. Santos |
| 245 #4 - TITLE STATEMENT | |
| Title | The Way of Saint James as an event: politics and nation |
| 245 ## - TITLE STATEMENT | |
| Statement of responsibility, etc | Xosé M. Santos |
| 260 ## - PUBLICATION, DISTRIBUTION, ETC. (IMPRINT) | |
| Name of publisher, distributor, etc | Journal of Policy Research in Tourism, Leisure and Events |
| 260 ## - PUBLICATION, DISTRIBUTION, ETC. (IMPRINT) | |
| Date of publication, distribution, etc | 2016 |
| 300 ## - PHYSICAL DESCRIPTION | |
| Extent | 8:3, Pages: 233-248 |
| 500 ## - GENERAL NOTE | |
| General note | 2016 |
| 650 ## - SUBJECT ADDED ENTRY--TOPICAL TERM | |
| General subdivision | Tourism. |
| Withdrawn status | Lost status | Damaged status | Home library | Current library | Date acquired | Total Checkouts | Date last seen | Price effective from | Koha item type |
|---|---|---|---|---|---|---|---|---|---|
| College Library | College Library | 02/24/2017 | 02/24/2017 | 02/24/2017 | Periodicals |